000 00483nmm a2200157Ia 4500
008 251105s9999||||xx |||||||||||||||||und||
020 _a9788431538408
041 _aspa
100 _aPhillips, Charles
245 0 _aGimnasia mental en caja
264 _a[Madrid, España] :
_bDe Vecchi,
_c[Fecha de publicación no identificada]
300 _a0 páginas
650 _aSelf-help and personal development
856 _uhttps://public.digitaliapublishing.com/a/121422
942 _cCF
999 _c81487
_d81487